000 00565nam a2200205Ia 4500
005 20250326143119.0
008 250326s9999 xx 000 0 und d
020 _a81-86423-00-3
037 _aTextbook
040 _aFMSL
_beng
_cFMSL
041 _aeng
_2eng
084 _aX:31 P3
_qFMSL
100 _aAgarwala S K
_9438108
245 0 _aNational income accounting: including solved problems
_cAgarwala S K
250 _a4
260 _aDelhi
_bDelhi, Book land
_c2004
300 _axv,373
942 _cTB
_hX:31 P3
999 _c1298159
_d1298159